| 000 -LEADER |
| fixed length control field |
00538nam a22001817a 4500 |
| 008 - FIXED-LENGTH DATA ELEMENTS--GENERAL INFORMATION |
| fixed length control field |
150715b xxu||||| |||| 00| 0 eng d |
| 020 ## - INTERNATIONAL STANDARD BOOK NUMBER |
| International Standard Book Number |
0767415299 |
| 041 0# - LANGUAGE CODE |
| Language code of text/sound track or separate title |
eng |
| 080 ## - UNIVERSAL DECIMAL CLASSIFICATION NUMBER |
| Universal Decimal Classification number |
336.7 |
| 100 ## - Rafti |
| Rafti |
Rothwell, J. Dan ; |
| 245 ## - TITLE STATEMENT |
| Title |
In the company of others : |
| Statement of responsibility, etc |
J. Dan Rothwell. |
| 260 ## - |
| -- |
California : |
| -- |
Mayfield Publishing Company ; |
| -- |
2000. |
| 300 ## - |
| -- |
534 f. : |
| -- |
me il. ; |
| -- |
24 cm. |
| 500 ## - |
| -- |
Preface: f. vii-xii |
| 505 ## - |
| -- |
index; f. 529-534 |
| 650 #0 - |
| -- |
Komunikimi |
| 942 ## - ADDED ENTRY ELEMENTS (KOHA) |
| Source of classification or shelving scheme |
|
| Item type |
Books |